| 000 | 01153nam a22003257a 4500 | ||
|---|---|---|---|
| 005 | 20220110112133.0 | ||
| 008 | 220110b ||||| |||| 00| 0 eng d | ||
| 040 | _cAL | ||
| 041 | _aeng | ||
| 082 |
_223 _a294.661 _bSINT |
||
| 100 |
_aPuran Singh _912761 |
||
| 245 | _aTen Masters | ||
| 260 |
_aAmritsar: _bKhalsa Diwan, _c1980. |
||
| 300 |
_axx,142 p. _bHB _c21x14 cm. |
||
| 365 |
_b11.00 _c₹ _d11.00 |
||
| 520 | _aThe Book of the Ten Masters is the record of the teachers of the Sikhs. The history of human civilization took a new turn when the Sikh Gurus appeared on the scene of Medieval India. The Sikh movement served as a light-house for the people groping in the dark. They were t | ||
| 650 |
_aSikh Gurus _912748 |
||
| 650 |
_aGuru Nanak _912749 |
||
| 650 | _2Angad Nanak | ||
| 650 |
_aAmardas Nanak _912750 |
||
| 650 |
_aRamadas Nanak _912751 |
||
| 650 |
_aArun Dev Nanak _912752 |
||
| 650 |
_aHar Gobind Nanak _912753 |
||
| 650 |
_aHar Rai Nanak _912754 |
||
| 650 |
_aHar Krishan Nanak _912755 |
||
| 650 |
_aBahadur Nanak _912756 |
||
| 650 |
_aGobind Singh Nanak _912757 |
||
| 700 |
_aSINGH (Puran) _912760 |
||
| 942 |
_2ddc _cGF |
||
| 999 |
_c221127 _d221127 |
||